| 000 | 00863cam a2200265 i 4500 | ||
|---|---|---|---|
| 001 | 39392 | ||
| 003 | Mx-PuUPA | ||
| 005 | 20230411144419.0 | ||
| 008 | 140415s2002 mx a fr 001 0 spa d | ||
| 020 | _a9701035844 | ||
| 040 |
_aMx-PuUPA _bspa _cMx-PuUPA _dMx-PuUPA _erda |
||
| 041 | 0 | _aspa | |
| 100 | 1 |
_aIturralde Torres, Pedro, _eautor _914041 |
|
| 245 | 1 | 0 |
_aArritmias cardiacas / _cPedro Iturralde Torres |
| 250 | _aSegunda edición | ||
| 264 | 1 |
_aMéxico, D.F. : _bMcGraw-Hill Interamericana Editores, _c©2002 |
|
| 300 |
_axxvii, 762 páginas : _bilustraciones ; _c24 cm |
||
| 336 |
_2rdacontent _atexto _btxt |
||
| 337 |
_2rdamedia _asin medio _bn |
||
| 338 |
_2rdacarrier _avolumen _bnc |
||
| 650 | 7 |
_aArritmia _xCorazón _xEnfermedades _2armarc |
|
| 942 |
_2ddc _h616.128 _iI915 _cLI |
||
| 999 |
_c39392 _d39392 |
||